000 00419nam a2200181Ia 4500
001 4591
005 20260306145807.0
008 260306t2006||||xx |||||||||||||| ||spa||
041 _aESP
082 _a327.1
_bH62 2007
100 _aHobsbawn, Eric
_eAUT
245 0 _aGuerra y paz en el siglo XXI
260 _c2006
300 _a179 páginas :
_ccm.
650 _aGEN
654 _aCHU
942 _cLIB
_dJUS
_fJUS
_2ddc
_n
999 _c4591
_d4591